|
|
|
|
| LEADER |
02331nam a2200577 i 4500 |
| 001 |
nkc20233555859 |
| 003 |
CZ PrNK |
| 005 |
20240111123029.0 |
| 007 |
ta |
| 008 |
231016s2023 xr f 100 0 eng |
| 015 |
|
|
|a cnb003555859
|
| 020 |
|
|
|a 978-80-11-03970-7
|q (kroužková vazba)
|
| 035 |
|
|
|a (OCoLC)1420608553
|
| 040 |
|
|
|a OLA001
|b cze
|e rda
|
| 072 |
|
7 |
|a 617
|x Ortopedie. Chirurgie. Oftalmologie
|2 Konspekt
|9 14
|
| 080 |
|
|
|a 617.7
|2 MRF
|
| 080 |
|
|
|a 616.8-003.8
|2 MRF
|
| 080 |
|
|
|a 606:616-056.7
|2 MRF
|
| 080 |
|
|
|a 616-08:602.9
|2 MRF
|
| 080 |
|
|
|a (062.534)
|2 MRF
|
| 080 |
|
|
|a (048.3)
|2 MRF
|
| 111 |
2 |
|
|a Gene and Cell Therapy of Neurodegenerative and Eye Diseases (workshop)
|d (2023 :
|c Liblice, Mělník, Česko)
|7 olak20231209454
|4 aut
|
| 245 |
1 |
0 |
|a Gene and Cell Therapy of Neurodegenerative and Eye Diseases :
|b November 5-7, 2023 : Conference Centre, Chateau Liblice, Czech Republic
|
| 250 |
|
|
|a 1st edition
|
| 264 |
|
1 |
|a Liběchov :
|b Institute of Animal Physiology and Genetics CAS,
|c 2023
|
| 300 |
|
|
|a 40 stran ;
|c 30 cm
|
| 336 |
|
|
|a text
|b txt
|2 rdacontent
|
| 337 |
|
|
|a bez média
|b n
|2 rdamedia
|
| 338 |
|
|
|a svazek
|b nc
|2 rdacarrier
|
| 500 |
|
|
|a Název z obálky
|
| 500 |
|
|
|a Nad názvem: The Pigmod Centre, Institute of Animal Physiology and Genetics CAS
|
| 650 |
0 |
7 |
|a oční nemoci
|7 ph138849
|2 czenas
|
| 650 |
0 |
7 |
|a neurodegenerativní onemocnění
|7 ph123254
|2 czenas
|
| 650 |
0 |
7 |
|a genová terapie
|7 ph120497
|2 czenas
|
| 650 |
0 |
7 |
|a buněčná terapie
|7 ph560424
|2 czenas
|
| 650 |
0 |
9 |
|a eye diseases
|2 eczenas
|
| 650 |
0 |
9 |
|a neurodegenerative diseases
|2 eczenas
|
| 650 |
0 |
9 |
|a gene therapy
|2 eczenas
|
| 650 |
0 |
9 |
|a cell therapy
|2 eczenas
|
| 655 |
|
7 |
|a sborníky konferencí
|7 fd133333
|2 czenas
|
| 655 |
|
7 |
|a abstrakta
|7 fd131780
|2 czenas
|
| 655 |
|
9 |
|a proceedings of conferences
|2 eczenas
|
| 655 |
|
9 |
|a abstracts
|2 eczenas
|
| 710 |
2 |
|
|a Ústav živočišné fyziologie a genetiky (Akademie věd ČR).
|b Centrum PIGMOD
|7 olak20231209466
|4 orm
|
| 910 |
2 |
|
|a BOA001
|b 4-1518.744
|
| 928 |
9 |
|
|a Ústav živočišné fyziologie a genetiky AV ČR
|
| 928 |
9 |
|
|a Akademie věd České republiky, Ústav živočišné fyziologie a genetiky
|
| 990 |
|
|
|a BK
|
| 995 |
|
|
|a 01
|
| 991 |
|
|
|b 202401
|c NOV
|
| 996 |
6 |
|
|b 2610956916
|c 4-1518.744
|l MZK
|r Sklad / do 1 hodiny
|n 0
|p p.v.
|w 001948764
|u 000010
|a 1
|e BOA001
|j MZK50
|s P
|